000 00602nam a2200193Ia 4500
003 LDD
008 190117s9999 xx 000 0 und d
020 _c₹25
040 _cLDD
041 _ahi
082 _a8H3.7 ना1601स
100 _aनागार्जुन
245 0 _aसयानी कोयल
_cनागार्जुन
260 _aनई दिल्ली
_bवाणी प्रकाशन
_c2002
300 _a15पृ.
901 _aVANI
904 _aReqst by : Parakh, Jawarimal (Dr.)
942 _2ddc
_cH
999 _c162292
_d162292